Aspects of economic development in South Asia /

Bibliographic Details
Main Author: Crane, Robert I.
Format: Book
Language:English
Published: [New York] : International Secretariat, Institute of Pacific Relations, [1954]
Subjects:

MARC

Tag First Indicator Second Indicator Subfields
LEADER 00000cam a2200000 4500
001 in00000065859
005 20151008050743.0
008 770328s1954 nyu b 00000 eng
010 |a  54009379  
035 |a (OCoLC)02843977 
035 |9 AAG3112AM 
040 |a DLC  |c DMM  |d TXA  |d UtOrBLW 
049 |a TXAM  |c [226525] 
050 0 |a HC435  |b .C78 
082 0 |a 330.954 
092 |a 330.954  |b C891a 
100 1 |a Crane, Robert I. 
245 1 0 |a Aspects of economic development in South Asia /  |c With a supplement on Development problems in Ceylon, by Burton Stein. 
264 1 |a [New York] :  |b International Secretariat, Institute of Pacific Relations,  |c [1954] 
300 |a ii, 137 pages :  |b tables. ;  |c 28 cm. 
336 |a text  |b txt  |2 rdacontent 
337 |a unmediated  |b n  |2 rdamedia 
338 |a volume  |b nc  |2 rdacarrier 
504 |a Bibliography: pages 111-112. 
651 0 |a India  |x Economic conditions  |y 1945- 
651 0 |a Sri Lanka  |x Economic conditions. 
999 |a MARS 
999 f f |s 899a6c02-f9a7-3f36-a331-6c6e89db745d  |i c654b154-0cd0-396e-b626-80b7e7ac0392  |t 0 
952 f f |p ric  |a Texas A&M University  |b Rellis Campus  |c Joint Library Facility  |d Remote Storage  |t 0  |e HC435 .C78  |h Library of Congress classification  |i unmediated -- volume  |m A14800704203 
998 f f |a HC435 .C78  |t 0  |l Remote Storage